Logo BPK

Biblioteka

Politechniki Koszalińskiej

Największe wydarzenia w historii sztuki / (Rekord nr 53537)

Szczegóły MARC
000 -ETYKIETA REKORDU
podpole kontrolne o stałej długości 01300nam a2200325 i 4500
001 - NUMER KONTROLNY REKORDU
pole kontrolne bg
020 ## - MIĘDZYNARODOWY ZNORMALIZOWANY NUMER KSIĄŻKI - ISBN
ISBN 3931154165
040 ## - ŹRÓDŁO KATALOGOWANIA
Instytucja, która utworzyła rekord BPK
041 1# - KOD JĘZYKA
Kod języka tekstu pol
Kod języka oryginału fre
080 ## - UNIWERSALNA KLASYFIKACJA DZIESIĘTNA - UKD
UKD 7.03(091)(0.025.2)
920 ## - Międzynarodowy znormalizowany numer książki – ISBN
ISBN 3-931154-16-5
008 - POLE O STAŁEJ DŁUGOŚCI - DANE KONTROLNE
podpole kontrolne o stałej długości s pl f |000 0 pol
245 00 - TYTUŁ/ODPOWIEDZIALNOŚĆ
Tytuł Największe wydarzenia w historii sztuki /
Pozostałe elementy strefy tytułu i oznaczenia odpowiedzialności pod red. Jacques'a Marseille'a, Nadeije Laneyrie-Dagen ; przeł. Stanisław Rościcki.
246 ## - WARIANT TYTUŁU
Treść wyrażenia wprowadzającego Tyt. oryg.:
Tytuł Les grands événements de l'histoire de l'art
260 ## - STREFA ADRESU WYDAWNICZEGO
Miejsce wydania Diepholz :
Nazwa wydawcy/dystrybutora Oficyna Wydawnicza Mak,
Data publikacji, dystrybucji/powstania dokumentu cop. 1998.
300 ## - STREFA OPISU FIZYCZNEGO
Objętość 320 s. :
Inne cechy fizyczne il. ;
Rozmiary 30 cm.
490 1# - STREFA SERII I DOKUMENTU WIELOCZĘŚCIOWEGO - FORMA NIE DO WYSZUKIWANIA
Tytuł i oznaczenie odpowiedzialności serii Larousse Dzieje Ludzkości
500 ## - UWAGI OGÓLNE
Tekst uwagi Tyt. oryg.: "Les grands événements de l'histoire de l'art".
500 ## - UWAGI OGÓLNE
Tekst uwagi Na okł. podtyt.: wielcy twórcy, kierunki artystyczne, nurty awangardowe, dzieła, które wywołały skandal, status artysty, geneza arcydzieł, muzea i kolekcje, techniki, style, tematy.
504 ## - UWAGA DOTYCZĄCA BIBLIOGRAFII
Informacje o bibliografii Indeksy.
650 #9 - HASŁO PRZEDMIOTOWE W FORMIE NAZWY OGÓLNEJ LUB JEDNOSTKOWEJ
Nazwa ogólna lub geograficzna Sztuka
Określnik ogólny historia
650 #9 - HASŁO PRZEDMIOTOWE W FORMIE NAZWY OGÓLNEJ LUB JEDNOSTKOWEJ
Nazwa ogólna lub geograficzna Sztuka
655 ## - TERMIN INDEKSOWY - OKREŚLENIE RODZAJU/FORMY DOKUMENTU
Określenie rodzaju/formy dokumentu Kalendarium
700 1# - HASŁO DODATKOWE - NAZWA OSOBOWA
Nazwa osobowa MARSEILLE, Jaques.
Określenie związku między hasłem a opisywanym materiałem Red.
700 1# - HASŁO DODATKOWE - NAZWA OSOBOWA
Nazwa osobowa LANEYRIE-DAGEN, Nadeije.
Określenie związku między hasłem a opisywanym materiałem Red.
700 1# - HASŁO DODATKOWE - NAZWA OSOBOWA
Nazwa osobowa ROŚCICKI, Stanisław.
Określenie związku między hasłem a opisywanym materiałem Tł.
830 ## - HASŁO DODATKOWE SERII LUB DOKUMENTU WIELOCZĘŚCIOWEGO - TYTUŁ UJEDNOLICONY
Tytuł ujednolicony Larousse Dzieje Ludzkości
942 ## - DODATKOWE ELEMENTY (KOHA)
Typ dokumentu Książka
Egzemplarze
Wycofany Status egzemplarza Uszkodzony Dostępność Lokalizacja stała Lokalizacja bieżąca Miejsce przechowywania Sygnatura Kod kreskowy Dział Typ dokumentu
      Tylko na miejscu Czytelnia Wydziału Elektroniki i Informatyki, Wydziału Architektury i Wzornictwa, Wydziału Inżynierii Mechanicznej i Energetyki oraz Wydziału Inżynierii Lądowej, Środowiska i Geodezji Czytelnia Wydziału Elektroniki i Informatyki, Wydziału Architektury i Wzornictwa, Wydziału Inżynierii Mechanicznej i Energetyki oraz Wydziału Inżynierii Lądowej, Środowiska i Geodezji Czytelnia Wydziałowa ul. Śniadeckich 2 83953 02379753 7.03(091) Historia sztuki Książka
© 2023 Biblioteka Politechniki Koszalińskiej :: KOHA